El mes de marzo consagrado al glorioso patriarca S. José esposo de la santísima Virgen para obtener su patrocinio...

Detalles Bibliográficos
Formato: Libro
Publicado: México 1853
Materias:
Colección:Banco de datos
Acervo:Biblioteca del Convento de Santa Mónica de la Ciudad de Puebla. Puebla
Tema general:Hagiografía
Notas:Buena. C4, 16.
LEADER 00653nam a22001810004500
035 |a 50962 
036 |a 730 
245 1 0 |a El mes de marzo consagrado al glorioso patriarca S. José esposo de la santísima Virgen para obtener su patrocinio... 
260 |a México  |b tip. del Sagrado Corazón.  |c 1853 
500 |a Buena. C4, 16. 
650 1 0 |a Hagiografía 
949 |a CRP 
959 |a Ex convento de Santa Mónica. Puebla, Puebla  |b CCC5 
960 |a Convento de Santa Mónica de la ciudad de Puebla  |b DD88 
961 |a Franciscana  |b OF 
942 |c CRP-SM 
943 |g Biblioteca del Convento de Santa Mónica de la Ciudad de Puebla. Puebla 
999 |c 961300  |d 961300